The corporate political activity of MNCs (Record no. 5155)

MARC details
000 -CABECERA
campo de control de longitud fija 01719nam a22002777a 4500
003 - IDENTIFICADOR DEL NÚMERO DE CONTROL
campo de control OSt
005 - FECHA Y HORA DE LA ÚLTIMA TRANSACCIÓN
campo de control 20260515115742.0
008 - DATOS DE LONGITUD FIJA--INFORMACIÓN GENERAL
campo de control de longitud fija 251023b |||||||| |||| 00| 0 eng d
022 ## - NÚMERO INTERNACIONAL NORMALIZADO PARA PUBLICACIONES SERIADAS
Número Internacional Normalizado para Publicaciones Seriadas 0938-8249
040 ## - FUENTE DE LA CATALOGACIÓN
Centro catalogador/agencia de origen English
Centro/agencia transcriptor tbs
041 ## - CÓDIGO DE LENGUA
Código de lengua del texto/banda sonora o título independiente English
100 ## - ENTRADA PRINCIPAL--NOMBRE DE PERSONA
Nombre de persona Puck, Jonas
9 (RLIN) 26444
245 ## - MENCIÓN DE TÍTULO
Título The corporate political activity of MNCs
Resto del título : taking stock and moving forward
Mención de responsabilidad, etc. / Jonas Puck, Thomas Lawton, Alexander Mohr.
260 ## - PUBLICACIÓN, DISTRIBUCIÓN, ETC.
Nombre del editor, distribuidor, etc. Management International Review,
Fecha de publicación, distribución, etc. 2018
362 ## - FECHAS DE PUBLICACIÓN Y/O DESIGNACIÓN SECUENCIAL
Fecha de publicación y/o designación secuencial Management International Review (2018) 58:663–673
520 ## - SUMARIO, ETC.
Sumario, etc. For the past 50 years, business and management and political science and international relations scholars alike have studied multinational corporations (MNCs) ties with political and regulatory actors and agents, particularly governments, political institutions, and regulators. We refer to such efforts by the firm to influence or manage political entities as corporate political activity (CPA) (Hillman and Hitt 1999; Hillman et al. 2004; Lawton et al. 2013a, b). Both academics and practitioners frequently highlight the relevance of CPA in and across international markets and call for further integration of the non-market perspective into international business and management research (Lawton et al. 2014).
630 #0 - PUNTO DE ACCESO ADICIONAL DE MATERIA--TÍTULO UNIFORME
Título uniforme MSc International Business
9 (RLIN) 26977
650 #0 - PUNTO DE ACCESO ADICIONAL DE MATERIA--TÉRMINO DE MATERIA
Término de materia o nombre geográfico como elemento de entrada International business enterprises
9 (RLIN) 4692
650 #0 - PUNTO DE ACCESO ADICIONAL DE MATERIA--TÉRMINO DE MATERIA
Término de materia o nombre geográfico como elemento de entrada Organizational behavior
9 (RLIN) 2566
650 #0 - PUNTO DE ACCESO ADICIONAL DE MATERIA--TÉRMINO DE MATERIA
Término de materia o nombre geográfico como elemento de entrada Business and politics
9 (RLIN) 27101
650 #0 - PUNTO DE ACCESO ADICIONAL DE MATERIA--TÉRMINO DE MATERIA
Término de materia o nombre geográfico como elemento de entrada Strategic planning
9 (RLIN) 3573
700 ## - ENTRADA AGREGADA--NOMBRE PERSONAL
Nombre de persona Lawton, Thomas C.
9 (RLIN) 22144
700 ## - ENTRADA AGREGADA--NOMBRE PERSONAL
Nombre de persona Mohr, Alexander
9 (RLIN) 26445
856 ## - LOCALIZACIÓN Y ACCESO ELECTRÓNICOS
Identificador Uniforme del Recurso <a href="https://research-ebsco-com.hub.tbs-education.fr/linkprocessor/plink?id=075f4363-9c86-37fc-91b6-d3e053a07d97">https://research-ebsco-com.hub.tbs-education.fr/linkprocessor/plink?id=075f4363-9c86-37fc-91b6-d3e053a07d97</a>
942 ## - ELEMENTOS DE ENTRADA AGREGADA (KOHA)
Fuente del sistema de clasificación o colocación Clasificación de Library of Congress
Holdings
Estado de retiro Estado de pérdida Fuente del sistema de clasificación o colocación Estado dañado No para préstamo Biblioteca de origen Biblioteca actual Fecha de adquisición Total de préstamos Fecha visto por última vez Identificador Uniforme del Recurso Precio válido a partir de Tipo de ítem Koha
    Clasificación de Library of Congress     TBS Barcelona TBS Barcelona 06/11/2025   06/11/2025 https://research-ebsco-com.hub.tbs-education.fr/linkprocessor/plink?id=075f4363-9c86-37fc-91b6-d3e053a07d97 06/11/2025 Academic Article

Powered by Koha